| 000 | 00855nam a2200229 a 4500 | ||
|---|---|---|---|
| 005 | 20210219151855.0 | ||
| 008 | 991125 mx 000 0 spa u | ||
| 035 | _aUPN01000042759 | ||
| 049 | _aF | ||
| 050 | 4 | _aLB2806 G7.6 | |
| 100 | 1 |
_aGramsci, Antonio, _d1891-1937 |
|
| 245 | 1 | 3 |
_aLa organización de la escuela y la cultura / _cpor Antonio Gramsci |
| 260 |
_aMéxico : _bUPN |
||
| 300 | _ap. 24-34 | ||
| 500 | _aEn: Problemas teóricos de la educación / Antonio Gramsci... [et al.] -- México : Movimiento, 1973 | ||
| 500 | _aTítulo de la cubierta: Organizacion de sistemas educativos: lectura no. 1-5 | ||
| 500 | _aA la cabeza de la cubierta: Universidad Pedagógica Nacional. Area de Investigación. Maestrías | ||
| 500 | _aFotocopia | ||
| 710 | 2 | _aUniversidad Pedagógica Nacional (México) | |
| 904 |
_aAC _b042761 |
||
| 905 | _aLibro | ||
| 999 |
_c42759 _d42759 |
||